|
|
|
|
| LEADER |
00000cam a2200000 a 4500 |
| 001 |
vtls008292511 |
| 003 |
SK-MaSNL |
| 005 |
20260426014633.0 |
| 008 |
050808s2005 xr g p 000 0 cze |
| 020 |
|
|
|a 8086861309 (brož.)
|
| 035 |
|
|
|a SVKPOKN103989
|
| 040 |
|
|
|a SNK
|b slo
|c SNK
|e AACR2
|
| 041 |
0 |
|
|a cze
|
| 044 |
|
|
|a xr
|c CZ
|
| 072 |
|
7 |
|a 3
|x Spoločenské vedy
|2 konspekt
|
| 072 |
|
7 |
|a 37.016
|x Učebné osnovy. Vyučovacie predmety. Učebnice
|2 konspekt
|
| 080 |
|
|
|a 3
|2 2001
|
| 080 |
|
|
|a 101
|2 2001
|
| 080 |
|
|
|a 159.9
|2 2001
|
| 080 |
|
|
|a 141.319.8
|2 2001
|
| 080 |
|
|
|a (075)
|2 2001
|
| 245 |
0 |
0 |
|a Základy společenských věd : pro učitele učitelů - studenty pedagogických fakult, pro učitele středních škol a jejich žáky
|n 1. díl:
|p Péče o duši (O osobní identitu)
|c Jaroslav Koťa ... [et al.]
|
| 246 |
3 |
0 |
|a Péče o duši (O osobní identitu)
|
| 250 |
|
|
|a 2. vyd.
|
| 260 |
|
|
|a Praha
|b Eurolex Bohemia
|c 2005
|
| 300 |
|
|
|a 190 s.
|c 21 cm
|
| 500 |
|
|
|a V tir. rok vyd. 2004
|
| 504 |
|
|
|a Pozn.
|
| 650 |
0 |
7 |
|a spoločenské vedy
|2 SNKPH
|9 70105
|
| 650 |
0 |
7 |
|a filozofická antropológia
|2 SNKPH
|9 2075
|
| 650 |
0 |
7 |
|a filozofia
|2 SNKPH
|9 793
|
| 650 |
0 |
7 |
|a psychológia
|2 SNKPH
|9 807
|
| 655 |
|
7 |
|a učebnice
|2 SNKPH
|9 22521
|
| 700 |
1 |
|
|a Koťa, Jaroslav,
|d 1948-
|4 aut
|9 91094
|
| 919 |
|
|
|a 80-86861-30-9
|
| 999 |
|
|
|c 1163744
|d 1165674
|
| 952 |
|
|
|t snkZAK/1 3
|a SNKUST
|b SNKUST
|y PREZ
|7 0
|p 17A0521356
|o snkIC 133930/1
|i snk2006/18416
|8 4
|g 6.41
|0 0
|1 0
|4 0
|d 2006-09-04
|l 0
|r 2025-03-21 00:00:00
|w 2026-02-24
|